[Event "Suizo"]
[Site "?"]
[Date "2016.03.05"]
[Round "?"]
[White "jyanguas"]
[Black "chamsdoha"]
[Result "1-0"]
[WhiteElo "1628"]
[BlackElo "1471"]
[PlyCount "63"]
[EventDate "2016.??.??"]

1. e4 d6 2. d4 g6 3. Nc3 Nc6 4. d5 Ne5 5. Nf3 b6 6. Nxe5 dxe5 7. Bb5+ Bd7 8.
Qe2 f6 9. O-O a6 10. Bd3 Nh6 11. h3 c5 12. Bxa6 Rxa6 13. Qxa6 Nf7 14. Be3 Nd6
15. b3 g5 16. a4 Nc8 17. Qe2 e6 18. Qh5+ Ke7 19. Rfd1 Bg7 20. Nb5 exd5 21. Rxd5
f5 22. Qxg5+ Bf6 23. Qh6 fxe4 24. Bg5 Bxg5 25. Qxg5+ Kf8 26. Qxd8+ Kg7 27. Qc7
Ne7 28. Qxd7 Rg8 29. Qxe7+ Kh8 30. Rxe5 Rg7 31. Qe8+ Rg8 32. Qf7 1-0

[Event "Suizo"]
[Site "?"]
[Date "2016.03.05"]
[Round "?"]
[White "matorres"]
[Black "jcferrer"]
[Result "0-1"]
[WhiteElo "1557"]
[BlackElo "1615"]
[PlyCount "60"]
[EventDate "2016.??.??"]

1. e4 e5 2. Nf3 Nc6 3. Nc3 Nf6 4. Bc4 d5 5. Bb5 Bd6 6. Nxd5 Nxe4 7. d3 Nf6 8.
d4 O-O 9. dxe5 Nxe5 10. Bg5 c6 11. Nxf6+ gxf6 12. Bh6 Re8 13. Bd3 Nxd3+ 14. Kf1
Nf4 15. g3 Bh3+ 16. Kg1 Ne2+ 17. Qxe2 Rxe2 18. Nd4 Rd2 19. Nf5 Bf8 20. f4 Bxh6
21. Nxh6+ Kg7 22. Nxf7 Kxf7 23. Re1 Rg2+ 24. Kf1 Rxh2+ 25. Kg1 Qd4+ 26. Kxh2
Bg4 27. c3 Qd2+ 28. Re2 Qxe2+ 29. Kg1 h5 30. Rh4 Rd8 0-1

[Event "Suizo"]
[Site "?"]
[Date "2016.03.05"]
[Round "?"]
[White "maadan"]
[Black "lchaires"]
[Result "0-1"]
[WhiteElo "1567"]
[BlackElo "1571"]
[PlyCount "102"]
[EventDate "2016.??.??"]

1. g3 Nf6 2. Nf3 d5 3. d4 e6 4. Bg2 c5 5. dxc5 Bxc5 6. e3 Nc6 7. Nc3 d4 8. exd4
Bxd4 9. Nxd4 Nxd4 10. O-O O-O 11. Ne2 e5 12. Be3 Bg4 13. Qd2 Nxe2+ 14. Kh1 Qxd2
15. Bxd2 Nd4 16. h3 Be2 17. Rfc1 Rab8 18. c3 Ne6 19. b4 Bb5 20. a4 Bc6 21. a5
Bxg2+ 22. Kxg2 Ne4 23. Be3 f5 24. Bxa7 Rbc8 25. a6 bxa6 26. Rxa6 Nc7 27. Ra5
Rfe8 28. Bb6 Na8 29. f3 Nd2 30. Be3 Nb3 31. Rd1 Nxa5 32. bxa5 Rxc3 33. Bd2 Rc2
34. g4 f4 35. Kf1 Rd8 36. Ke1 Nc7 37. Bb4 Rxd1+ 38. Kxd1 Rh2 39. Bd6 Na6 40.
Bxe5 Rxh3 41. Bxf4 Rxf3 42. Be5 Kf7 43. Ke2 Ra3 44. Bd6 Rxa5 45. g5 Rxg5 46.
Bf4 Rb5 47. Be3 Nb4 48. Kd2 Ke6 49. Kc3 Nd5+ 50. Kd3 Rb3+ 51. Ke2 Rxe3+ 0-1

[Event "Suizo"]
[Site "?"]
[Date "2016.03.05"]
[Round "?"]
[White "nrapetti"]
[Black "epenela"]
[Result "0-1"]
[WhiteElo "1611"]
[BlackElo "1598"]
[PlyCount "90"]
[EventDate "2016.??.??"]

1. d4 Nf6 2. Nf3 g6 3. e3 Bg7 4. c4 c5 5. Nc3 cxd4 6. Nxd4 O-O 7. Be2 a6 8. O-O
d5 9. cxd5 Nxd5 10. Nxd5 Qxd5 11. Bf3 Qc5 12. Qc2 Bxd4 13. Qxc5 Bxc5 14. Bd2
Nd7 15. Rac1 Bd6 16. Rfd1 Rb8 17. a3 Ne5 18. Be2 Be6 19. h3 Rfc8 20. Bc3 b5 21.
f4 Nc4 22. Bxc4 Rxc4 23. Kf2 Rbc8 24. Bd2 Rxc1 25. Rxc1 Rxc1 26. Bxc1 a5 27.
Bd2 b4 28. axb4 axb4 29. e4 Bc4 30. e5 Bc5+ 31. Be3 Bxe3+ 32. Kxe3 e6 33. g3 b3
34. Kd4 Bd5 35. h4 Kg7 36. Kc5 h5 37. Kd6 Kf8 38. Kd7 f6 39. exf6 Kf7 40. Kd6
Kxf6 41. Kc5 Kf5 42. Kd4 Kg4 43. Ke5 Kxg3 44. Kf6 Kxh4 45. Kxg6 Kg4 0-1

[Event "Suizo"]
[Site "?"]
[Date "2016.03.05"]
[Round "?"]
[White "ppabaram"]
[Black "arodriguez"]
[Result "0-1"]
[WhiteElo "1718"]
[BlackElo "1875"]
[PlyCount "94"]
[EventDate "2016.??.??"]

1. e4 c5 2. Nf3 Nc6 3. Nc3 g6 4. Bc4 Bg7 5. Ng5 e6 6. Nf3 a6 7. a4 Nge7 8. d3
O-O 9. Be3 b6 10. d4 d5 11. exd5 Nxd5 12. Nxd5 exd5 13. Ba2 Re8 14. O-O c4 15.
Qd2 Bf5 16. b3 b5 17. bxc4 bxc4 18. c3 Rb8 19. Rab1 Bxb1 20. Bxb1 Na5 21. Bc2
Nb3 22. Bxb3 Rxb3 23. Ra1 Qa5 24. h4 Qxc3 25. Qd1 Qb4 26. Ng5 Rb8 27. Qf3 Rb1+
28. Rxb1 Qxb1+ 29. Kh2 Qf5 30. Bf4 Rb3 31. Be3 Qxf3 32. Nxf3 Ra3 33. g4 Rxa4
34. Nd2 c3 35. Nb3 Rb4 36. Nc5 a5 37. Kg1 Bxd4 38. Nd3 Bxe3 39. Nxb4 Bxf2+ 40.
Kxf2 axb4 41. Ke2 b3 42. Kd1 d4 43. Kc1 d3 44. h5 d2+ 45. Kd1 b2 46. Kc2 d1=Q+
47. Kxd1 b1=Q+ 0-1

[Event "Suizo"]
[Site "?"]
[Date "2016.03.05"]
[Round "?"]
[White "jmartinezga"]
[Black "oiglesias"]
[Result "1-0"]
[WhiteElo "1822"]
[BlackElo "1833"]
[PlyCount "145"]
[EventDate "2016.??.??"]

1. e4 e6 2. d4 c6 3. Nf3 d5 4. e5 Be7 5. c3 a6 6. Bd3 g6 7. O-O h5 8. Re1 b5 9.
Nbd2 h4 10. h3 Nh6 11. Nf1 Nf5 12. Ne3 Nd7 13. b3 c5 14. Bb2 c4 15. bxc4 bxc4
16. Bc2 Nb6 17. a4 a5 18. Ng4 Bd7 19. Ba3 Bxa3 20. Rxa3 Qe7 21. Nf6+ Kf8 22.
Ra1 Nc8 23. Rb1 Ra7 24. Nxd7+ Qxd7 25. Rb5 Kg7 26. Qd2 Qe7 27. Reb1 Rd8 28.
Bxf5 gxf5 29. Qg5+ Qxg5 30. Nxg5 Ne7 31. Rb7 Rd7 32. R7b5 Ra6 33. Nf3 Ng6 34.
Rb7 Ra7 35. Rxd7 Rxd7 36. Rb5 Ra7 37. Kf1 f6 38. exf6+ Kxf6 39. Ke1 Ke7 40. Kd2
Kf6 41. Ke3 f4+ 42. Ke2 Kf5 43. Nd2 Ra6 44. Nxc4 Ke4 45. Rxa5 Rc6 46. Nd2+ Kf5
47. Rc5 Ra6 48. a5 f3+ 49. Kxf3 Nf4 50. Nb3 Nd3 51. Rc8 Ne1+ 52. Ke2 Nxg2 53.
Rf8+ Kg6 54. Rg8+ Kf5 55. Rxg2 e5 56. dxe5 Kxe5 57. Rg5+ Ke4 58. f3+ Kf4 59.
Rg4+ Kf5 60. Rxh4 Re6+ 61. Kd3 Re1 62. Nd4+ Ke5 63. Rh5+ Kd6 64. Rh6+ Kc7 65.
Rc6+ Kd7 66. Kd2 Rh1 67. Rh6 Rh2+ 68. Ke3 Ra2 69. a6 Ra3 70. Kd2 Ra2+ 71. Nc2
Ra5 72. a7 Ke7 73. Rh8 1-0

[Event "Suizo"]
[Site "?"]
[Date "2016.03.05"]
[Round "?"]
[White "cbiancolillo"]
[Black "nrapetti"]
[Result "0-1"]
[WhiteElo "1601"]
[BlackElo "1625"]
[PlyCount "66"]
[EventDate "2016.??.??"]

1. d4 d5 2. e3 e6 3. Nf3 Nc6 4. g3 a6 5. Bg2 Nf6 6. O-O Be7 7. a3 O-O 8. b3 h6
9. Bd2 Bd7 10. c4 b5 11. c5 a5 12. Nc3 b4 13. axb4 axb4 14. Nb5 Qb8 15. Nd6
cxd6 16. cxd6 Bxd6 17. Nh4 Rxa1 18. Qxa1 Ne4 19. Bc1 Ne7 20. Bxe4 dxe4 21. Qb1
Bc6 22. Ng2 e5 23. dxe5 Bxe5 24. Bb2 Bxb2 25. Qxb2 Nd5 26. Nh4 Rd8 27. Nf5 Nf6
28. f4 exf3 29. g4 Qb5 30. Ne7+ Kh8 31. g5 hxg5 32. Rf2 Rd1+ 33. Rf1 Qxf1# 0-1

[Event "Suizo"]
[Site "?"]
[Date "2016.03.05"]
[Round "?"]
[White "lchaires"]
[Black "jyanguas"]
[Result "1-0"]
[WhiteElo "1559"]
[BlackElo "1621"]
[PlyCount "99"]
[EventDate "2016.??.??"]

1. e4 c5 2. Nf3 Nc6 3. d4 cxd4 4. Nxd4 e5 5. Nf5 d6 6. Ng3 Nf6 7. Bb5 Bd7 8.
Bg5 a6 9. Ba4 b5 10. Bb3 Be7 11. O-O a5 12. c3 a4 13. Bc2 Ng4 14. Bxe7 Qxe7 15.
Nf5 Bxf5 16. exf5 Nh6 17. Qf3 Qf6 18. Qxc6+ Ke7 19. Qb7+ Ke8 20. Qxa8+ Qd8 21.
Qc6+ Qd7 22. Qxd7+ Kxd7 23. Nd2 f6 24. Ne4 Rc8 25. Rad1 Nxf5 26. g4 Rc4 27.
Nc5+ Rxc5 28. Bxf5+ Ke7 29. Rc1 d5 30. b4 Rc6 31. Bd3 Rb6 32. Rfe1 e4 33. f3
Kf7 34. fxe4 dxe4 35. Rxe4 g6 36. Rce1 f5 37. Re7+ Kf6 38. gxf5 gxf5 39. Rxh7
f4 40. Rh6+ Kg5 41. Rxb6 f3 42. Kf2 Kf4 43. Re4+ Kf5 44. Rxb5+ Kf6 45. Rc4 Ke6
46. Rc6+ Kd7 47. Be4 a3 48. Rb7+ Kd8 49. Rh6 Kc8 50. Rh8# 1-0

[Event "Suizo"]
[Site "?"]
[Date "2016.03.05"]
[Round "?"]
[White "chamsdoha"]
[Black "maadan"]
[Result "0-1"]
[WhiteElo "1478"]
[BlackElo "1579"]
[PlyCount "80"]
[EventDate "2016.??.??"]

1. d3 b6 2. Bd2 Bb7 3. Nc3 Nf6 4. Nf3 d5 5. g3 e6 6. b3 Bc5 7. Bh3 g6 8. d4 Bb4
9. Nb5 Bxd2+ 10. Nxd2 a6 11. Na3 Qd6 12. c3 Qxa3 13. Nb1 Qb2 14. Nd2 Qxc3 15.
Rc1 Qb2 16. Rxc7 Ra7 17. Rc8+ Bxc8 18. f4 Rc7 19. Kf2 Rc1 20. Qxc1 Qxd4+ 21. e3
Qc5 22. Qb2 Ke7 23. Rc1 Qd6 24. e4 dxe4 25. Nc4 Qc5+ 26. Ne3 Qd6 27. Nc4 Qc5+
28. Ke2 b5 29. Na5 Qb4 30. Rc7+ Bd7 31. Qd4 Rc8 32. Qxd7+ Nbxd7 33. Rxc8 Qxa5
34. g4 Qxa2+ 35. Ke3 Qxb3+ 36. Ke2 Qg3 37. hxg3 a5 38. g5 Nd5 39. Bg2 b4 40.
Bxe4 Nc3+ 0-1

[Event "Suizo"]
[Site "?"]
[Date "2016.03.05"]
[Round "?"]
[White "jcferrer"]
[Black "ppabaram"]
[Result "0-1"]
[WhiteElo "1607"]
[BlackElo "1725"]
[PlyCount "44"]
[EventDate "2016.??.??"]

1. e4 Nc6 2. Nf3 Nf6 3. Nc3 d5 4. exd5 Nxd5 5. Bb5 Nxc3 6. bxc3 Qd5 7. Be2 Bf5
8. O-O O-O-O 9. Re1 e5 10. Ng5 f6 11. Bf3 Qc4 12. Ne4 Qe6 13. a3 g5 14. Rb1 g4
15. Nc5 Bxc5 16. Bxc6 Qxc6 17. d4 exd4 18. cxd4 Bxd4 19. Qe2 Qxc2 20. Qxc2 Bxc2
21. Rb2 Bxb2 22. Bxb2 Rhe8 0-1

[Event "Suizo"]
[Site "?"]
[Date "2016.03.05"]
[Round "?"]
[White "epenela"]
[Black "jmartinezga"]
[Result "0-1"]
[WhiteElo "1584"]
[BlackElo "1812"]
[PlyCount "60"]
[EventDate "2016.??.??"]

1. e4 c5 2. Nf3 Nc6 3. d4 cxd4 4. Nxd4 Nf6 5. Nc3 d6 6. Bg5 e6 7. Qd2 Be7 8. f3
O-O 9. g4 h6 10. Bxh6 Nxd4 11. Qxd4 gxh6 12. O-O-O Qa5 13. f4 e5 14. Qf2 Be6
15. Kb1 d5 16. f5 d4 17. g5 Nxe4 18. Nxe4 Qxa2+ 19. Kc1 Qa1+ 20. Kd2 Bb4+ 21.
Kd3 Qxd1+ 22. Nd2 Qxd2+ 23. Qxd2 Bxd2 24. Kxd2 Bxf5 25. gxh6 Kh7 26. Bc4 Kxh6
27. Rf1 Bg6 28. Rf6 Kg5 29. Rf2 Rac8 30. b3 b5 0-1

[Event "Suizo"]
[Site "?"]
[Date "2016.03.05"]
[Round "?"]
[White "arodriguez"]
[Black "oiglesias"]
[Result "0-1"]
[WhiteElo "1868"]
[BlackElo "1844"]
[PlyCount "100"]
[EventDate "2016.??.??"]

1. d4 e6 2. c4 Be7 3. Nc3 c5 4. d5 d6 5. e4 e5 6. Nf3 f5 7. Be2 f4 8. g3 fxg3
9. fxg3 a6 10. a4 Nd7 11. O-O Ngf6 12. Ng5 Nf8 13. Bh5+ g6 14. Be2 h6 15. Nf3
Bh3 16. Rf2 Qc7 17. Bf1 Bd7 18. Bg2 g5 19. Qf1 N8h7 20. Bd2 Ng4 21. Re2 O-O-O
22. Rb1 Rdf8 23. b4 cxb4 24. Rxb4 h5 25. h3 Qc5+ 26. Kh1 Qxb4 27. hxg4 hxg4 28.
Rf2 gxf3 29. Bxf3 g4 30. Be2 Ng5+ 31. Kg2 Nf3 32. Bxf3 gxf3+ 33. Rxf3 Rxf3 34.
Qxf3 Qxc4 35. Qf7 Bd8 36. Qg7 Re8 37. Qg6 Bc7 38. g4 Qd3 39. Qh6 Bxa4 40. Nxa4
Qxe4+ 41. Kf2 Qxa4 42. g5 Qd4+ 43. Ke2 Qxd5 44. g6 Qg2+ 45. Kd3 e4+ 46. Kc3
Ba5+ 47. Kb3 Qxd2 48. Qh3+ Kb8 49. Qd7 Qd3+ 50. Ka2 Rc8 0-1

[Event "Suizo"]
[Site "?"]
[Date "2016.03.05"]
[Round "?"]
[White "jyanguas"]
[Black "cbiancolillo"]
[Result "1-0"]
[WhiteElo "1636"]
[BlackElo "1611"]
[PlyCount "39"]
[EventDate "2016.??.??"]

1. e4 d5 2. exd5 Qxd5 3. Nc3 Qe6+ 4. Qe2 Qxe2+ 5. Bxe2 Nf6 6. Nf3 e6 7. d4 Bd6
8. Bg5 Nbd7 9. Bb5 c6 10. Ba4 b5 11. Bb3 O-O 12. O-O g6 13. Ne5 Ng4 14. Nxg4 a5
15. a4 b4 16. Ne4 Bc7 17. Nef6+ Kg7 18. c3 Nxf6 19. Bxf6+ Kg8 20. Nh6# 1-0

[Event "Suizo"]
[Site "?"]
[Date "2016.03.05"]
[Round "?"]
[White "ppabaram"]
[Black "chamsdoha"]
[Result "1-0"]
[WhiteElo "1716"]
[BlackElo "1487"]
[PlyCount "33"]
[EventDate "2016.??.??"]

1. e4 g5 2. d4 a5 3. Bxg5 f6 4. Be3 Ra6 5. Bxa6 bxa6 6. Nf3 h6 7. Bd2 Nc6 8. d5
Nb8 9. Bxa5 c6 10. Bxd8 Kxd8 11. dxc6 Nxc6 12. Nc3 a5 13. O-O Ba6 14. Re1 Bg7
15. Qd5 Bb7 16. Rad1 e6 17. Qxd7# 1-0

[Event "Suizo"]
[Site "?"]
[Date "2016.03.05"]
[Round "?"]
[White "nrapetti"]
[Black "jcferrer"]
[Result "0-1"]
[WhiteElo "1613"]
[BlackElo "1614"]
[PlyCount "60"]
[EventDate "2016.??.??"]

1. d4 e6 2. e3 d5 3. Nf3 c5 4. c4 Nf6 5. Nc3 Nc6 6. cxd5 exd5 7. Bb5 a6 8.
Bxc6+ bxc6 9. Ne5 Nd7 10. Nxc6 Qc7 11. Qa4 Bd6 12. Nxd5 Qb7 13. b4 c4 14. Rb1
O-O 15. b5 axb5 16. Nde7+ Kh8 17. Qxb5 Qxb5 18. Rxb5 Ba6 19. Rb1 c3 20. Nd5 Bd3
21. Ra1 Be4 22. Ncb4 Bxg2 23. Rg1 Bf3 24. Rg3 Be4 25. f3 Bg6 26. Rg2 Rab8 27.
a3 Ra8 28. e4 Rfc8 29. e5 Bxb4 30. Nxb4 c2 0-1

[Event "Suizo"]
[Site "?"]
[Date "2016.03.05"]
[Round "?"]
[White "maadan"]
[Black "epenela"]
[Result "0-1"]
[WhiteElo "1571"]
[BlackElo "1589"]
[PlyCount "70"]
[EventDate "2016.??.??"]

1. d4 Nf6 2. Nf3 g6 3. e3 Bg7 4. Bc4 O-O 5. O-O d5 6. Bd3 Re8 7. Ng5 c6 8. c4
e5 9. cxd5 cxd5 10. Bb5 Nbd7 11. Nc3 a6 12. Bd3 h6 13. Nf3 e4 14. Bxe4 Nxe4 15.
Nxe4 Rxe4 16. Ne1 Nf6 17. f3 Re8 18. Nd3 Bd7 19. Nc5 Qc7 20. b4 Bb5 21. Rf2
Rac8 22. Bb2 Rxe3 23. Rc1 Bc4 24. a3 Rce8 25. Rf1 Nh5 26. Qd2 Re2 27. Nxa6 bxa6
28. Qc3 R8e3 29. Qxe3 Rxe3 30. Bc3 Bxf1 31. Kxf1 Rxc3 32. Rxc3 Qxc3 33. a4 Bxd4
34. b5 Qd2 35. bxa6 Qf2# 0-1

[Event "Suizo"]
[Site "?"]
[Date "2016.03.05"]
[Round "?"]
[White "oiglesias"]
[Black "lchaires"]
[Result "1-0"]
[WhiteElo "1832"]
[BlackElo "1544"]
[PlyCount "121"]
[EventDate "2016.??.??"]

1. c4 Nf6 2. Nc3 e6 3. e3 b6 4. Be2 g6 5. Bf3 c6 6. a3 Bb7 7. d4 d5 8. cxd5
exd5 9. h4 Bg7 10. h5 Nbd7 11. h6 Bf8 12. e4 Qc7 13. e5 Ne4 14. Nxe4 dxe4 15.
Bxe4 O-O-O 16. Be3 Nxe5 17. Qa4 b5 18. Qxa7 Nc4 19. Bf3 Nxb2 20. d5 Nd3+ 21.
Kf1 c5 22. Rd1 c4 23. Bb6 Bc5 24. Bxc7 Bxa7 25. Bxd8 Rxd8 26. Nh3 Bxd5 27. Bxd5
Rxd5 28. Ke2 Re5+ 29. Kf3 Rf5+ 30. Kg4 Nxf2+ 31. Nxf2 Bxf2 32. Rhf1 c3 33. Rc1
Be3 34. Rxc3+ Kd7 35. Rxf5 gxf5+ 36. Kxf5 Bxh6 37. Kf6 Bf8 38. Kxf7 Bd6 39. Rb3
Kc6 40. Kg7 h5 41. Kg6 h4 42. Kg5 Be7+ 43. Kg4 Kc5 44. g3 Kc4 45. Rf3 hxg3 46.
Kxg3 Bd6+ 47. Kf2 Bc5+ 48. Ke2 b4 49. axb4 Bxb4 50. Kd1 Bc3 51. Kc2 Be5 52. Rh3
Kd5 53. Kd3 Bf6 54. Rh5+ Ke6 55. Ke4 Bb2 56. Rh6+ Kf7 57. Kf5 Ba1 58. Rh7+ Ke8
59. Ke6 Kf8 60. Rb7 Bf6 61. Kxf6 1-0

[Event "Suizo"]
[Site "?"]
[Date "2016.03.05"]
[Round "?"]
[White "jmartinezga"]
[Black "arodriguez"]
[Result "0-1"]
[WhiteElo "1808"]
[BlackElo "1882"]
[PlyCount "70"]
[EventDate "2016.??.??"]

1. e4 c5 2. Nf3 Nc6 3. c3 d6 4. d4 cxd4 5. cxd4 Nf6 6. Nc3 Bg4 7. Bb5 a6 8.
Bxc6+ bxc6 9. O-O e6 10. h3 Bh5 11. Qa4 Qc7 12. Nh2 Be7 13. f4 h6 14. g4 Bg6
15. f5 Bh7 16. Nf3 O-O 17. Bf4 c5 18. Rac1 cxd4 19. Ne2 Qb6 20. b3 e5 21. Bg3
Nxe4 22. Kg2 g6 23. Rc6 Qb5 24. Qxb5 axb5 25. Be1 Rxa2 26. Nfg1 d3 27. fxg6
Bxg6 28. Bb4 dxe2 29. Re1 Nc5 30. Rc7 Bd8 31. Rc8 Be4+ 32. Nf3 Nd3 33. Bxd6
Nxe1+ 34. Kf2 Nxf3 35. Bxf8 e1=Q# 0-1

[Event "Suizo"]
[Site "?"]
[Date "2016.03.05"]
[Round "?"]
[White "matorres"]
[Black "ppabaram"]
[Result "0-1"]
[WhiteElo "1567"]
[BlackElo "1711"]
[PlyCount "52"]
[EventDate "2016.??.??"]

1. e4 Nc6 2. Nf3 Nf6 3. Nc3 d5 4. d3 d4 5. Na4 b5 6. Nc5 e5 7. Nb3 Be6 8. Be2
Bb4+ 9. Bd2 Bxd2+ 10. Qxd2 Qd6 11. O-O O-O 12. c4 bxc4 13. dxc4 Nxe4 14. Bd3
Nxd2 15. Nbxd2 f5 16. Ng5 Bd7 17. Nde4 Qe7 18. h4 h6 19. c5 fxe4 20. Bc4+ Kh8
21. Nxe4 Rab8 22. b3 Qxh4 23. f3 Bg4 24. Nf2 Qg3 25. Rfe1 Bxf3 26. Nh1 Qxg2#
0-1

[Event "Suizo"]
[Site "?"]
[Date "2016.03.05"]
[Round "?"]
[White "jcferrer"]
[Black "jyanguas"]
[Result "1-0"]
[WhiteElo "1604"]
[BlackElo "1624"]
[PlyCount "119"]
[EventDate "2016.??.??"]

1. e4 c5 2. d4 cxd4 3. c3 dxc3 4. Nxc3 Nc6 5. Nf3 e5 6. Bc4 h6 7. O-O Nf6 8.
Qb3 Qe7 9. Be3 b6 10. Qc2 Qb4 11. Bb3 Bc5 12. a3 Qa5 13. Bxc5 Qxc5 14. Rad1 O-O
15. Nh4 Bb7 16. Nf5 Ne7 17. Kh1 Nxf5 18. exf5 Qc6 19. Nd5 Nxd5 20. Qxc6 Bxc6
21. Bxd5 Bxd5 22. Rxd5 Rfd8 23. Rxe5 d5 24. Rd1 d4 25. Re2 Rd5 26. Red2 Rad8
27. h3 Kf8 28. Kh2 Ke7 29. Kg3 d3 30. Kf4 Rd4+ 31. Ke3 Kf6 32. g4 Ke5 33. Rxd3
Re4+ 34. Kf3 Rf4+ 35. Ke3 Re8 36. Rd5+ Kf6+ 37. Kxf4 g5+ 38. fxg6 fxg6 39. Rd6+
Kg7 40. Rd7+ Kf6 41. R1d6+ Re6 42. Rxe6+ Kxe6 43. Rxa7 g5+ 44. Ke4 Kd6 45. Rh7
b5 46. Rxh6+ Kc5 47. Rg6 b4 48. axb4+ Kxb4 49. Rxg5 Kc4 50. h4 Kb3 51. h5 Kxb2
52. Rd5 Kc3 53. h6 Kc4 54. h7 Kc3 55. g5 Kc4 56. h8=Q Kb4 57. Rd7 Kc5 58. Qc8+
Kb6 59. Rb7+ Ka6 60. Qa8# 1-0

[Event "Suizo"]
[Site "?"]
[Date "2016.03.05"]
[Round "?"]
[White "chamsdoha"]
[Black "nrapetti"]
[Result "0-1"]
[WhiteElo "1492"]
[BlackElo "1626"]
[PlyCount "38"]
[EventDate "2016.??.??"]

1. e3 e5 2. c4 d5 3. cxd5 Qxd5 4. b3 Nc6 5. Nf3 Nf6 6. Ba3 Bxa3 7. Nxa3 O-O 8.
Nc4 e4 9. Nh4 Bg4 10. f3 exf3 11. gxf3 Be6 12. e4 Qg5 13. Ng2 Rad8 14. Rc1 Nd4
15. f4 Qg4 16. Qxg4 Nxg4 17. Ne5 Nxe5 18. fxe5 Nf3+ 19. Kd1 Rxd2# 0-1

[Event "Suizo"]
[Site "?"]
[Date "2016.03.05"]
[Round "?"]
[White "maadan"]
[Black "jmartinezga"]
[Result "0-1"]
[WhiteElo "1582"]
[BlackElo "1816"]
[PlyCount "100"]
[EventDate "2016.??.??"]

1. d4 Nf6 2. e3 e6 3. Nf3 Be7 4. Nc3 O-O 5. g3 d6 6. Bg2 c6 7. O-O Nbd7 8. Ng5
h6 9. Nge4 Nxe4 10. Nxe4 f5 11. Nc3 Nf6 12. e4 fxe4 13. Nxe4 Nxe4 14. Bxe4 Bf6
15. Be3 d5 16. Bd3 Qe7 17. c4 Rd8 18. cxd5 exd5 19. a4 Bh3 20. Re1 Qf7 21. Bf4
Re8 22. Rxe8+ Rxe8 23. Qd2 Qh5 24. Re1 Rxe1+ 25. Qxe1 Kf7 26. Be2 Qf5 27. Bf1
Bxf1 28. Qxf1 Bxd4 29. b4 g5 30. Be3 Bxe3 31. fxe3 Qxf1+ 32. Kxf1 Ke6 33. Kf2
Ke5 34. Kf3 Kf5 35. g4+ Ke5 36. h3 b6 37. Kg3 c5 38. bxc5 bxc5 39. h4 c4 40.
hxg5 hxg5 41. Kf2 Ke4 42. Ke2 a5 43. Kd2 Kf3 44. Kc2 Kxe3 45. Kc3 Kf4 46. Kd4
Kxg4 47. Kxd5 c3 48. Kd4 c2 49. Kd3 c1=Q 50. Ke4 Qc4+ 0-1

[Event "Suizo"]
[Site "?"]
[Date "2016.03.05"]
[Round "?"]
[White "epenela"]
[Black "oiglesias"]
[Result "1/2-1/2"]
[WhiteElo "1577"]
[BlackElo "1829"]
[PlyCount "126"]
[EventDate "2016.??.??"]

1. e4 e6 2. Nf3 Be7 3. d4 d5 4. e5 Nd7 5. b4 Bxb4+ 6. c3 Be7 7. a4 a6 8. Na3 c5
9. c4 cxd4 10. Qxd4 Bc5 11. Qg4 g6 12. cxd5 exd5 13. e6 Ndf6 14. exf7+ Kxf7 15.
Qf4 Bf5 16. Bb2 Qa5+ 17. Kd1 h6 18. Rc1 Rc8 19. Nd4 Qxa4+ 20. Nac2 Bxd4 21.
Qxd4 Qxd4+ 22. Nxd4 Rxc1+ 23. Kxc1 Ne7 24. f3 Rc8+ 25. Kd2 Nc6 26. Bd3 Bxd3 27.
Kxd3 Nxd4 28. Bxd4 b5 29. Ra1 Ra8 30. h4 h5 31. Ra5 Ke6 32. Ke3 Ne8 33. Kf4 Nd6
34. Kg5 Kf7 35. g4 hxg4 36. fxg4 Nc4 37. Ra2 a5 38. Rf2+ Ke6 39. Kxg6 a4 40.
Rf6+ Kd7 41. Rf7+ Kc6 42. h5 a3 43. h6 b4 44. h7 b3 45. h8=Q Rxh8 46. Bxh8 b2
47. Rf1 Kb5 48. g5 Ka4 49. Bxb2 axb2 50. Kh7 Kb3 51. g6 Ne3 52. Rf8 Kc2 53. g7
b1=Q 54. g8=Q Kd2+ 55. Qg6 Qxg6+ 56. Kxg6 d4 57. Rf2+ Ke1 58. Rh2 d3 59. Kf7
Kf1 60. Ke8 Ng2 61. Rh1+ Kf2 62. Rd1 Ke2 63. Rxd3 Kxd3 1/2-1/2

[Event "Suizo"]
[Site "?"]
[Date "2016.03.05"]
[Round "?"]
[White "lchaires"]
[Black "arodriguez"]
[Result "0-1"]
[WhiteElo "1547"]
[BlackElo "1872"]
[PlyCount "82"]
[EventDate "2016.??.??"]

1. e4 c5 2. Nf3 d6 3. d4 cxd4 4. Nxd4 Nf6 5. Nc3 g6 6. Be3 Bg7 7. Qd2 Nc6 8.
Bb5 Bd7 9. Nf3 O-O 10. h3 a6 11. Bd3 Rc8 12. a3 b5 13. Bh6 Bxh6 14. Qxh6 e6 15.
Ne2 Na5 16. e5 dxe5 17. Nxe5 Qe7 18. O-O Nc6 19. Nxd7 Nxd7 20. Kh1 e5 21. Rae1
Qf6 22. Be4 Nc5 23. f3 Rfd8 24. Nc3 Nxe4 25. fxe4 Qg7 26. Qe3 Nd4 27. Nd5 Rxd5
28. exd5 Nxc2 29. Qxe5 Nxe1 30. Qxg7+ Kxg7 31. Rxe1 Rd8 32. Rd1 f5 33. Kh2 Kf6
34. Kg3 Ke5 35. Kf3 Rxd5 36. Re1+ Kf6 37. g4 Rd3+ 38. Re3 Rxe3+ 39. Kxe3 fxg4
40. hxg4 h5 41. Kf3 h4 0-1

[Event "Suizo"]
[Site "?"]
[Date "2016.03.05"]
[Round "?"]
[White "nrapetti"]
[Black "lchaires"]
[Result "0-1"]
[WhiteElo "1618"]
[BlackElo "1550"]
[PlyCount "96"]
[EventDate "2016.??.??"]

1. d4 Nf6 2. Nf3 e6 3. e3 b6 4. c4 d5 5. Nc3 Bb7 6. a3 Nbd7 7. Be2 c5 8. O-O
Be7 9. cxd5 exd5 10. Re1 O-O 11. Bd2 Qc7 12. Rc1 Bd6 13. h3 Rfe8 14. Bb5 a6 15.
Bxd7 Qxd7 16. Qb3 b5 17. dxc5 Bxc5 18. Ne2 Rac8 19. Nf4 Bd6 20. Rxc8 Rxc8 21.
Rd1 Bxf4 22. exf4 Ne4 23. Be3 Qf5 24. Nd4 Qd7 25. Ne2 Nf6 26. Ng3 Rc4 27. Rd4
Rxd4 28. Bxd4 Ne8 29. Ne2 Nd6 30. Qg3 Nf5 31. Qd3 a5 32. g4 Nd6 33. Bc5 Nc4 34.
Bd4 Qc6 35. Ng3 Nxb2 36. Bxb2 b4 37. axb4 axb4 38. f3 Ba6 39. Qd4 f6 40. g5 Qe6
41. Qf2 Bc4 42. f5 Qf7 43. gxf6 gxf6 44. Kh2 h6 45. Ne2 Kh7 46. Nd4 Qc7+ 47.
Qg3 Qe7 48. Qg6+ Kh8 0-1

[Event "Suizo"]
[Site "?"]
[Date "2016.03.05"]
[Round "?"]
[White "jyanguas"]
[Black "epenela"]
[Result "0-1"]
[WhiteElo "1638"]
[BlackElo "1570"]
[PlyCount "106"]
[EventDate "2016.??.??"]

1. e4 c5 2. Nf3 d6 3. Bb5+ Bd7 4. a4 Nc6 5. c3 g6 6. O-O Bg7 7. d3 e6 8. Be3
Nge7 9. Bg5 O-O 10. Bc4 Qc7 11. Qd2 Rfe8 12. Bh6 Bh8 13. Qf4 a6 14. Ng5 Rf8 15.
Bxf8 Rxf8 16. Qh4 h5 17. Nd2 d5 18. exd5 exd5 19. Bb3 Bf5 20. Ndf3 Bxd3 21.
Rfe1 Nf5 22. Qh3 c4 23. Ba2 Nd6 24. Ne5 Bf5 25. Qe3 Re8 26. Qf4 Bxe5 27. Qh4
Qd8 28. Rad1 Bf6 29. f4 Ne4 30. Bb1 Kg7 31. Bxe4 Rxe4 32. Qg3 Qe7 33. h4 Qc5+
34. Kh2 Rxe1 35. Rxe1 d4 36. cxd4 Nxd4 37. Qe3 Bd3 38. Rd1 Qc7 39. g3 b5 40.
axb5 axb5 41. Kh3 Nf5 42. Qf3 Bxb2 43. Qd5 Ne3 44. Qxb5 Nxd1 45. Nf3 Bf5+ 46.
Kh2 c3 47. Ne5 c2 48. Nd3 Bxd3 49. Qxd3 c1=R 50. Qe2 Rc2 51. Qxc2 Qxc2+ 52. Kg1
Ne3 53. Kh1 Qg2# 0-1

[Event "Suizo"]
[Site "?"]
[Date "2016.03.05"]
[Round "?"]
[White "ppabaram"]
[Black "maadan"]
[Result "0-1"]
[WhiteElo "1704"]
[BlackElo "1587"]
[PlyCount "94"]
[EventDate "2016.??.??"]

1. e4 e5 2. Nf3 Nf6 3. Nc3 g6 4. Nxe5 d6 5. Nf3 Bg7 6. d4 O-O 7. Bg5 Bg4 8. h3
Bxf3 9. gxf3 Nbd7 10. Bd3 c5 11. d5 Ne5 12. Be2 Rb8 13. Qd2 b5 14. f4 b4 15.
Nd1 Nxe4 16. Qe3 Qa5 17. Qxe4 b3+ 18. Nc3 bxa2 19. fxe5 Rxb2 20. Bd2 dxe5 21.
Bc4 Qb4 22. O-O f5 23. Qh4 Bf6 24. d6+ Kh8 25. Qh6 Rd8 26. Bxa2 Qd4 27. Bg5 Bg7
28. Be3 Bxh6 29. Bxd4 exd4 30. Bb1 Rxd6 31. Rxa7 dxc3 32. Re1 Rd8 33. Rae7 Kg8
34. Rc7 Bf8 35. Kg2 Rdb8 36. Ra7 Rxb1 37. Rxb1 Rxb1 38. Ra3 Bg7 39. Ra5 Rc1 40.
Rxc5 Rxc2 41. Kf3 Rb2 42. Ke3 c2 43. Kd2 c1=Q+ 44. Kd3 Qxc5 45. f3 Rb3+ 46. Ke2
Qc2+ 47. Kf1 Rb1# 0-1

[Event "Suizo"]
[Site "?"]
[Date "2016.03.05"]
[Round "?"]
[White "jmartinezga"]
[Black "matorres"]
[Result "1-0"]
[WhiteElo "1812"]
[BlackElo "1574"]
[PlyCount "41"]
[EventDate "2016.??.??"]

1. e4 e5 2. Nf3 d6 3. d4 Qf6 4. dxe5 dxe5 5. Bc4 Nc6 6. O-O Bg4 7. Nbd2 Nd4 8.
h3 Bh5 9. c3 O-O-O 10. cxd4 Rxd4 11. Qb3 Bxf3 12. Nxf3 Rxe4 13. Bd2 Bc5 14. Bd5
Rd4 15. Qxb7+ Kd7 16. Nxd4 exd4 17. Rac1 Kd6 18. Qc6+ Ke5 19. Rfe1+ Kf5 20. g4+
Kg6 21. Be4# 1-0

[Event "Suizo"]
[Site "?"]
[Date "2016.03.05"]
[Round "?"]
[White "oiglesias"]
[Black "jcferrer"]
[Result "1-0"]
[WhiteElo "1836"]
[BlackElo "1593"]
[PlyCount "53"]
[EventDate "2016.??.??"]

1. c4 d5 2. cxd5 c6 3. dxc6 Nxc6 4. Nf3 e5 5. e4 Bg4 6. Be2 f6 7. a3 Bc5 8. Nc3
Nge7 9. O-O Nd4 10. Nxd4 Bxd4 11. Bxg4 Ng6 12. Bh5 O-O 13. Bxg6 hxg6 14. d3 Rc8
15. Nd5 Qd6 16. Rb1 f5 17. Bd2 Rfe8 18. Bb4 Qe6 19. Kh1 f4 20. Bc3 Bxc3 21.
bxc3 Kf7 22. Rxb7+ Kg8 23. Rxa7 g5 24. Qh5 Ra8 25. Rxa8 Rxa8 26. Nc7 Re8 27.
Qxe8+ 1-0